| 000 | 00658nam a2200169Ia 4500 | ||
|---|---|---|---|
| 003 | IN-BaIIA | ||
| 008 | 211028s9999 xx 000 0 eng d | ||
| 040 | _cIIA Library | ||
| 080 |
_a(035)621.396 _bBIR |
||
| 110 |
_aUnited Kingdom. Her Majesty's Stationery Office _98124 |
||
| 245 | 0 |
_aHandbook of line communication _bvol. 1, a comprehensive textbook dealing with the theoretical and practical aspects of the transmission of intelligence over lines _cHis Majesty's Stationery Office |
|
| 260 |
_aLondon _bHer Majesty's Stationary Office _c1947 |
||
| 300 | _a875p. | ||
| 650 |
_aHandbooks-Line Communication _98125 |
||
| 650 | _aNASA Thesaurus | ||
| 942 | _cBK | ||
| 999 |
_c4603 _d4603 |
||